000 00674nam a2200277Ia 4500
005 20260324122453.0
008 008 260324s9999 xx 000 0 eng d
020 _a9781003552987
037 _aEBOOK
040 _aCRL
040 _beng
040 _cCRL
041 _2eng
041 _aeng
084 _qCRL
100 _aGlyn Redworth; Christopher J Henstock
_91166571
245 4 _aThe Letters of Luisa de Carvajal y Mendoza Vol 2
260 _bTaylor and Francis
260 _c2013
365 _a
365 _b205
856 _uhttp://www.taylorfrancis.com/books/9781003552987
942 _cEBOOK
999 _c1759345
_d1759345